| 000 | 00676nam a2200205 a 4500 | ||
|---|---|---|---|
| 001 | 23920 | ||
| 003 | CO-ViMGA | ||
| 008 | 141112s2004 ck r 000 u spa d | ||
| 020 | _a9588294002 | ||
| 040 |
_aCO-ViMGA _bspa _cCO-ViMGA |
||
| 082 | 0 | 4 | _aI 574.529 R637a |
| 100 | 1 |
_aRodriguez, Lucho _934682 |
|
| 245 | 1 | 0 |
_aAnimales en extincion colombia : _bregion de los andes / _cLucho Rodriguez |
| 260 | _aColombiaediciones B | ||
| 300 | _a26p. | ||
| 650 | 1 | 4 |
_a2 : ESPECIES AMENAZADAS - ANDES (REGION, COLOMBIA) _934683 |
| 650 | 1 | 4 |
_a3 : CORSERVACION DE ESPECIES - ANDES (REGION, COLOMBIA) _934684 |
| 650 | 1 | 4 |
_aECOSISTEMA - ANDES (REGION, COLOMBIA) _934685 |
| 942 |
_2ddc _cBK |
||
| 999 |
_c31989 _d31989 |
||